|
|
|
|
| LEADER |
00776nab a2200217 i 4500 |
| 001 |
acta27199 |
| 005 |
20210223144541.0 |
| 008 |
161017s1984 hu o 0|| hun d |
| 022 |
|
|
|a 1219-0039
|
| 040 |
|
|
|a SZTE Egyetemi Kiadványok Repozitórium
|b hun
|
| 041 |
|
|
|a hun
|
| 100 |
1 |
|
|a Földes Csaba
|
| 245 |
1 |
0 |
|a N.. M. Sanszkij-Je. A. Bisztrova-V. Veress
|h [elektronikus dokumentum] :
|b 700 orosz beszédfordulat /
|c Földes Csaba
|
| 260 |
|
|
|c 1984
|
| 300 |
|
|
|a 323-324
|
| 490 |
0 |
|
|a Módszertani közlemények
|v 24 No. 5
|
| 695 |
|
|
|a Neveléstudomány
|
| 700 |
0 |
1 |
|a Šanskij Nikolaj Maksimovič
|e aut
|
| 700 |
0 |
1 |
|a Bystrova Elena Aleksandrovna
|e aut
|
| 700 |
0 |
1 |
|a Veress Veronika
|e aut
|
| 856 |
4 |
0 |
|u http://acta.bibl.u-szeged.hu/27199/1/modszertani_024_005_323-324.pdf
|z Dokumentum-elérés
|